000
00288nam a2200109Ia 4500
008
190907s9999||||xx |||||||||||||| ||und||
100
_a
Cozzetto, Kweit
245
0
_a
Public Budgeting Politics , institution , and Processes
260
_a
USA
_b
McGraw-Hill
_c
1995
300
_a
322
942
_c
BK
999
_c
6498
_d
6498